Environmental impact assessment /

Bibliographic Details
Corporate Authors: NATO Advanced Study Institute on Environmental Impact Assessment Toulouse, France, University of Aberdeen. PADC Environmental Impact Assessment and Planning Unit
Format: Conference Proceeding Book
Language:English
Published: Boston : M. Nijhoff ; 1983.
Series:NATO ASI series. Behavioural and social sciences ; no. 14.
Subjects:

MARC

Tag First Indicator Second Indicator Subfields
LEADER 00000pam a2200000 a 4500
001 in00000525933
005 20151013092318.0
008 830331s1983 maua b 10110 eng
010 |a  82022579  
020 |a 9024727650 
035 |a (OCoLC)09412534 
035 |9 ACG0074AM 
039 0 |a 2  |b 3  |c 3  |d 3  |e 3 
040 |a DLC  |c DLC  |d TXA  |d UtOrBLW 
049 |a TXAM  |c [1486097] 
050 0 0 |a TD194.6  |b .N37 1981 
082 0 |a 333.7/1  |2 19 
111 2 |a NATO Advanced Study Institute on Environmental Impact Assessment  |d (1981 :  |c Toulouse, France) 
245 1 0 |a Environmental impact assessment /  |c edited by PADC Environmental Impact Assessment and Planning Unit, University of Aberdeen, United Kingdom. 
264 1 |a Boston :  |b M. Nijhoff ;  |c 1983. 
264 2 |a Hingham, MA :  |b Distributors for the U.S. and Canada, Kluwer Boston, 
300 |a xii, 439 pages :  |b illustrations ;  |c 25 cm. 
336 |a text  |b txt  |2 rdacontent 
337 |a unmediated  |b n  |2 rdamedia 
338 |a volume  |b nc  |2 rdacarrier 
490 1 |a NATO ASI series. Series D, Behavioural and social sciences ;  |v no. 14 
500 |a "Proceedings of the NATO Advanced Study Institute on Environmental Impact Assessment, Chateau de Bonas, Toulouse, France, August 30 - September 12, 1981"--Title page verso. 
500 |a "Published in cooperation with NATO Scientific Affairs Division." 
504 |a Includes bibliographical references and index. 
650 0 |a Environmental impact analysis  |v Congresses. 
710 2 |a University of Aberdeen.  |b PADC Environmental Impact Assessment and Planning Unit. 
830 0 |a NATO ASI series.  |n Series D,  |p Behavioural and social sciences ;  |v no. 14. 
999 |a MARS 
999 f f |s bb4e5fe0-a7e0-372a-a326-9be1775ae5b5  |i c5c82d2f-79a7-3c6a-91e4-01c0f1b65758  |t 0 
952 f f |p ric  |a Texas A&M University  |b Rellis Campus  |c Joint Library Facility  |d Remote Storage  |t 0  |e TD194.6 .N37 1981  |h Library of Congress classification  |i unmediated -- volume  |m A14808066528 
998 f f |a TD194.6 .N37 1981  |t 0  |l Remote Storage